3000 Yard Passers NCAAF 2025 Season - Statistics

General Stats
  • This quiz has been taken 8 times
  • The average score is 4 of 23
Answer Stats
Yards Player % Correct
3,072 Carson Beck
63%
3,835 Drew Mestemaker
63%
3,068 Julian Sayin
50%
3,298 Trinidad Chambliss
50%
3,056 Ty Simpson
38%
3,192 Diego Pavia
25%
3,444 Joey Aguilar
25%
3,472 Josh Hoover
25%
3,050 Brad Jackson
13%
3,450 Darian Mensah
13%
3,431 Jayden Maiava
13%
3,050 Anthony Colandrea
0%
3,124 Athan Kaliakmanis
0%
3,158 Byrum Brown
0%
3,641 Caden Veltkamp
0%
3,117 Jaron-Keawe Sagapolutele
0%
3,361 Jaylen Raynor
0%
3,448 Joe Fagnano
0%
3,300 Katin Houser
0%
3,363 Kevin Jennings
0%
3,505 Nick Minicucci
0%
3,681 Sawyer Robertson
0%
3,047 Walker Eget
0%
No matching quizzes found
Score Distribution
Percent of People with Each Score
Percentile by Number Answered
Your Score History
You have not taken this quiz